| 000 | 00803nam a2200181 i 4500 | ||
|---|---|---|---|
| 001 | 157043 | ||
| 003 | ES-MaACL | ||
| 005 | 20230906210552.0 | ||
| 008 | 040806s1887 sp |||| | spa d | ||
| 100 | 1 |
_aLapoulide, Juan Lorenzo ( _dm. 1906) _9163573 |
|
| 245 | 1 | 0 |
_aDescubierta / _cpor Juan L. Lapoulide. |
| 260 |
_aMadrid : _bLibrería de Escribano y Echevarría, _c1887 ( _fSucesores de Rivadeneyra) |
||
| 300 |
_a293 p. ; _c18 cm. |
||
| 505 | 8 | _aContiene: El salto del caballo ; Loleng ; Un ingrato ; Los ojos azules ; Fregeneda ; El comisionado ; Poesías | |
| 530 | _aDisponible en formato digital. | ||
| 852 |
_aES-MaACL _jF-2888 _z- Enc. pasta española _z- Dedicatoria autógrafa del autor |
||
| 856 |
_uhttp://bdh-rd.bne.es/viewer.vm?id=0000239207&page=1 _zBiblioteca Digital Hispánica |
||
| 999 |
_c157043 _d157043 |
||